000 00624nam a22001937a 4500
005 20140916105744.0
010 _aENG-110853
020 _a9788175417526
_c240.00
035 _aEN-94385
037 _bDBAD/PUB
082 _a343.54099
100 _aPathak, Juhi P.
245 _aIntroduction to media laws and ethics /
_cby Juhi P. Pathak
260 _aNew Delhi
_bShipra Publications
_c2014
270 _aLG-18-19, Pankaj Central Market, Patparganj
_bNew Delhi
_e110092
300 _axii,299p.
_c22cm(pbk)
500 _aIncludes bibliographical references and index
942 _2ddc
_cEN
_mPAT
_h343.54099
999 _c88619
_d88619